00836nem a2200229 u 450000500170000000800410001704000250005804100080008304400070009109000140009810000270011224500830013926000250022230000320024765000500027965000230032965000360035271000530038894200120044199900170045395201360047020180803170245.0160504b2011 c ||||| |a|| 00| 0 spa d aCO-BoIAVHcCO-BoIAVH aspa ack aMC-b01341 aMellizo, Olga. 9673021 aArea de manejo especial La MacarenabDecreto Ley 1989h[Material Cartografico] aBogotábIAvHc2011 a1 mapa ;bColorc48 x 35 cm14aParque nacionales natureszLa Macarena97069716aGeografía99225916aHidrografíazMarcarena970699 aParques nacionales naturales de Colombia 970700 2zcMapa c18459d18459 00102z40708CARTOGRAFIaBogotabBogotad2016-05-04l1oMC-0134p040084r2018-09-24 00:00:00s2018-09-24tEj. 1w2016-05-04yMapa